<?xml version="1.0" encoding="UTF-8"?>
<collection xmlns="http://www.loc.gov/MARC21/slim">
  <record>
    <leader>00000nam  2200000   4500</leader>
    <controlfield tag="001">INLIS000000000000189</controlfield>
    <controlfield tag="005">20190624025554</controlfield>
    <datafield tag="035" ind1="#" ind2="#">
      <subfield code="a">0010-0718000189</subfield>
    </datafield>
    <controlfield tag="008">190624################g##########0#ind##</controlfield>
    <datafield tag="020" ind1="#" ind2="#">
      <subfield code="a">9796058359</subfield>
    </datafield>
    <datafield tag="041" ind1=" " ind2=" ">
      <subfield code="a">id</subfield>
    </datafield>
    <datafield tag="082" ind1="#" ind2="#">
      <subfield code="a">150</subfield>
    </datafield>
    <datafield tag="090" ind1=" " ind2=" ">
      <subfield code="a">153.68 Nic l</subfield>
    </datafield>
    <datafield tag="100" ind1=" " ind2="#">
      <subfield code="a">Nichols, Michael P.</subfield>
    </datafield>
    <datafield tag="245" ind1="1" ind2="#">
      <subfield code="a">The Lost Art of Listening: Bagaimana Seni Mendengarkan Bisa Memperbaiki dan Mmeningkatkan Hubungan-hubungan Anda /</subfield>
      <subfield code="c">Michael P. Nichols</subfield>
    </datafield>
    <datafield tag="250" ind1="#" ind2="#">
      <subfield code="a">Cet.1</subfield>
    </datafield>
    <datafield tag="260" ind1="#" ind2="#">
      <subfield code="a">Jakarta :</subfield>
      <subfield code="b">Gramedia Putaka Utama,</subfield>
      <subfield code="c">1997</subfield>
    </datafield>
    <datafield tag="300" ind1="#" ind2="#">
      <subfield code="a">viii, 345 hlm. ;</subfield>
      <subfield code="c">23 cm</subfield>
    </datafield>
    <datafield tag="650" ind1=" " ind2="#">
      <subfield code="a">Psikologi - Seni mendengarkan</subfield>
    </datafield>
    <datafield tag="520" ind1="#" ind2="#">
      <subfield code="a">Ras tidak puas, sakit hati, marah, sedih, kehilangan, dan kebanyakan konflik dalam hidup kita berpangkal dari ketidakmampuan kita mendengarkan satu sama lain. Berbicara tanpa mendengarkan, mendengarkan tanpa memahami membuat kita bingung dan kecewa. Lemahnya kemampuan mendengarkan juga bisa merusak hubungan-hubungan yang paling kita hargai. Jika anda tidk tahu letak kesalahan dalam mendengarkan dn didengarkan dan tidak tahu bagaimana memperbaikinya, Michael P. Nichols akan membantu Anda mengatasi masalah itu, untuk sukses hidup dan karier Anda.</subfield>
    </datafield>
    <datafield tag="856" ind1="#" ind2="#">
      <subfield code="a">Perpustakaan Lembaga Administrasi Negara</subfield>
    </datafield>
    <datafield tag="990" ind1="#" ind2="#">
      <subfield code="a">140516661</subfield>
    </datafield>
    <datafield tag="990" ind1="#" ind2="#">
      <subfield code="a">140516661</subfield>
    </datafield>
  </record>
</collection>
